Najwyższy szczyt każdego województwa (Korona Polski) - Statystyki

Ogólne statystyki
  • Ten quiz został rozwiązany 8 razy
  • Średni wynik to 4 z 16
Statystyki odpowiedzi
Województwo Szczyt Wysokość % Poprawnych
Małopolskie Rysy 2499
100%
Dolnośląskie Śnieżka 1602
100%
Świętokrzyskie Łysica 612
75%
Podkarpackie Tarnica 1346
75%
Pomorskie Wieżyca 329
25%
Warmińsko-mazurskie Góra dylewska 312
13%
Wielkopolskie Kobyla góra 284
13%
Śląskie Pilsko 1543
13%
Mazowieckie Altana 408
0%
Opolskie Biskupia kopa 894
0%
Kujawsko-pomorskie Czarna góra 189
0%
Łodzkie Góra kamieńska 400
0%
Lubuskie Góra żarska 227
0%
Lubelskie Krągły goraj 389
0%
Podlaskie Rowelska góra 298
0%
Zachodniopomorskie Szczyt krajoznawców 245
0%
Nie znaleziono quizów pasujących do podanych kryteriów
Rozkład punktacji
Procent ludzi z każdym wynikiem
Percentyl według liczby udzielonych odpowiedzi
Twoja historia wyników
Nie rozwiązałeś tego quizu